| 000 | 00809am a2200277a 44500 | ||
|---|---|---|---|
| 003 | AR-BaBNM | ||
| 005 | 20251128205333.0 | ||
| 008 | 087019s1987 #AR|||||||||||000 | spa|| | ||
| 020 | _a950-23-0357-1 | ||
| 040 | _cAR-BaBNM | ||
| 100 | 1 | _aMaskin, Héctor | |
| 245 | 1 | 0 | _aEl sistema europeo de derechos humanos |
| 260 |
_aBuenos Aires _bEudeba _c1987 |
||
| 300 | _a111 p. | ||
| 490 | 0 |
_aDerechos humanos. Temas y problemas _vv. 3 |
|
| 500 | _aContiene documentos para consultar p. 81-109. | ||
| 650 | 4 | _aDERECHOS HUMANOS | |
| 650 | 4 | _aLEGISLACION | |
| 650 | 4 | _aDERECHOS CIVILES Y POLITICOS | |
| 650 | 4 | _aVIOLACION DE LOS DERECHOS HUMANOS | |
| 650 | 4 | _aDERECHO INTERNACIONAL | |
| 800 | 1 |
_aRabossi, Eduardo _edirector |
|
| 800 | 1 |
_aSabsay, Fernando _edirector |
|
| 942 | _cBK | ||
| 998 | _cmariana | ||
| 999 |
_c10992 _d10992 |
||